• Giacomo Alberione

di Personal Name

Records bibliografici associati: 2

001 - CONTROL NUMBER

  • control field: 40

003 - CONTROL NUMBER IDENTIFIER

  • control field: IT-RoPau

005 - DATE AND TIME OF LATEST TRANSACTION

  • control field: 20121123093505.0

008 - FIXED-LENGTH DATA ELEMENTS

  • fixed length control field: 121123|| aca||aabn | a|a d

040 ## - CATALOGING SOURCE

  • Original cataloging agency: IT-RoPau
  • Transcribing agency: IT-RoPau

100 ## - HEADING--PERSONAL NAME

  • Personal name: Giacomo Alberione
  • Fuller form of name: Fondatore Famiglia Paolina

670 ## - SOURCE DATA FOUND

  • Source citation: Work cat.: (IT-RoPau)27572: Giacomo Alberione Fondatore Famiglia Paolina, Prediche del Rev. Primo Maestro, 1954
CREDITS: SOCIETA' SAN PAOLO Via A.Severo, 58 - ROMA (RM) & PERIODICI SAN PAOLO SRL Via Giotto, 36 MILANO & CISF Via Giotto, 36 MILANO & EDIZIONI SAN PAOLO SRL,  Piazza Soncino, 5 CINISELLO BALSAMO (MI) -- ITALY